000 00554nam a2200229Ia 4500
003 OSt
005 20220924153328.0
006 a|||||r|||| 00| 0
007 ta
008 220923b |||||||| |||| 00| 0 guj d
024 _a347883
037 _cTextual
040 _aARTS
_cARTS
_bguj
041 _2guj
_aguj
082 _aQ2:36, 156K9
100 _aKalkar Kaka
_9228527
245 0 _aParamsabha mirtu
260 _c1969
650 _aRELIGION
942 _hQ2:36, 156K9
_cTEXL
_2CC
999 _c473158
_d473158